01346nam a22002897a 45000010005000000030006000050050017000110080041000280200018000690400029000870500014001160820010001301000019001402450127001592600039002863000049003254900041003745050008004155200377004235210020008005210020008206500022008407000038008629420015009009990015009159520126009304876FISKH20241022134711.0241022b cb ||||| |||| 00| 0 eng d a9780545536318 aFISKHbengcFISKHdFISKH aHG221.F87 a332.4 aFurgang, Kathy aEverything Money :bA wealth of facts, photos, and fun! /cby Kathy Furgang with National Geogarphic explorer Fred Hiebert aNew York : bScholastic ;c2013 .  a64 pages : bcolor illustrations ;c25 cm .  a National Geographic Kids Everything aZ  aAll you need to know about money can be found in the pages of this colorful, energetic, and accessible book. Kids will also learn about money around the world from a National Geographic expert, featured in "Explorer's Corners" throughout the book. Packed with fun facts and amazing photographs, this book gives kids an in-depth look at this facinating and important topic.8 a980 bLexile 8 aZ bRaz-Plus  amathvnon-fiction aHiebert, Fredrik T. eContributor 2ddccBKn0 c4876d4876 00102ddc40708NFICa001b001cSNSd2024-10-22l0oFUR 332.4 HG221.F87pFISSE00961r2024-10-22 13:44:55w2024-10-22yBK